000 00398pab a2200145 454500
008 180718b2003 xxu||||| |||| 00| 0 eng d
100 _aYadav, Surendra S.
245 _aEmerging issues and challenges before international finance
260 _c2003
300 _ap.26-30.
362 _aApr-Sep
650 _aInternational finance
773 _aJournal of Accounting and Finance
909 _a58022
999 _c58022
_d58022